Fußballwappen Liga Portugal 2025/26 - Statistiken

Allgemein
  • Dieses Quiz wurde 46 mal gespielt
  • Das Durchschnittsergebnis liegt bei 10 aus 18
Antwortstatistiken
Bildquiz Antwort % Korrekt
Benfica Lissabon
100%
FC Porto
97%
Sporting Braga
97%
Sporting Lissabon
82%
AC Casa Pia
59%
FC Famalicao
56%
FC Gil Vicente
54%
GD Estoril Praia
54%
Vitoria Guimaraes
54%
FC Rio Ave
51%
CD Tondela
46%
CF Estrela da Amadora
46%
FC Arouca
46%
AVS Futebol SAD
44%
CS Santa Clara
41%
FC Moreirense
41%
CD Nacional Funchal
38%
FC Alverca
28%
Keine übereinstimmenden Quizze gefunden
Verteilung der Resultate
Anzahl Personen mit jedem Resultat
Perzentil nach korrekt beantworteten Fragen
Ihre Resultats-Entwicklung
Sie haben dieses Quiz noch nicht gespielt